[Event "15th EUR-ch (w)"]
[Site "Plovdiv BUL"]
[Date "2014.07.09"]
[Round "4.47"]
[White "Dordzhieva, Dinara"]
[Black "Salimova, Nurgyul"]
[Result "1-0"]
[WhiteElo "2225"]
[BlackElo "1908"]
[EventDate "2014.07.06"]
[PlyCount "89"]

1.c4 Nf6 2.Nc3 c5 3.g3 g6 4.Bg2 Bg7 5.d3 Nc6 6.e4 d6 7.Nge2 Bg4 8.O-O h5 
9.h3 Bd7 10.Bg5 Qc8 11.Kh2 Nd4 12.Nxd4 cxd4 13.Ne2 Qc5 14.Bd2 h4 15.g4 
Bxg4 16.hxg4 Nxg4+ 17.Kh1 h3 18.Bf3 Ne5 19.b4 Qc8 20.Nc1 Bh6 21.Be2 Bxd2 
22.Qxd2 f5 23.f4 Ng4 24.Bxg4 fxg4 25.Qf2 Qe6 26.Ne2 O-O-O 27.Qxd4 Kb8 28.
Kh2 Rhf8 29.b5 g5 30.f5 Qd7 31.a4 Qc7 32.Ng3 Qa5 33.Rf2 Rf6 34.Qe3 Qc3 35.
Rc1 Qa3 36.Rcc2 Qa1 37.Ra2 Qb1 38.a5 Rdf8 39.a6 b6 40.Qd4 Rc8 41.e5 Rff8 
42.exd6 Rfd8 43.Qe4 Rd7 44.dxe7 Qxd3 45.e8=Q 1-0

[Event "15th EUR-ch (w)"]
[Site "Plovdiv BUL"]
[Date "2014.07.09"]
[Round "4.48"]
[White "Sazonova, Anastasia"]
[Black "Stiazhkina, Anna"]
[Result "0-1"]
[WhiteElo "2082"]
[BlackElo "2220"]
[EventDate "2014.07.06"]
[PlyCount "52"]

1.e4 e5 2.Nf3 Nc6 3.Nc3 Nf6 4.Be2 g6 5.d4 exd4 6.Nxd4 d6 7.Be3 Bg7 8.f3 
O-O 9.Qd2 Re8 10.O-O-O d5 11.Nxc6 bxc6 12.Bg5 Qd6 13.Bf4 Qb4 14.Bxc7 dxe4 
15.Qd6 Qb7 16.Na4 Nd5 17.Ba5 Rb8 18.b3 Bf8 19.Qg3 Bf5 20.Rd4 Bg7 21.Rc4 
exf3 22.Bxf3 Qe7 23.Bxd5 cxd5 24.Rh4 Qa3+ 25.Kb1 Bxc2+ 26.Kxc2 Qxa2+ 0-1

[Event "15th EUR-ch (w)"]
[Site "Plovdiv BUL"]
[Date "2014.07.09"]
[Round "4.49"]
[White "Soyunlu, Narmin"]
[Black "Pavlidou, Ekaterini"]
[Result "0-1"]
[WhiteElo "1936"]
[BlackElo "2209"]
[EventDate "2014.07.06"]
[PlyCount "136"]

1.d4 f5 2.c4 Nf6 3.g3 g6 4.Bg2 Bg7 5.Nc3 O-O 6.Nf3 d6 7.O-O Nc6 8.d5 Na5 
9.Nd2 c5 10.a3 Bd7 11.Qc2 Qc8 12.b3 e6 13.Bb2 e5 14.e3 b6 15.Ne2 g5 16.b4 
Nb7 17.f4 Ng4 18.Qb3 gxf4 19.exf4 Qe8 20.Rfe1 Qg6 21.h3 Nh6 22.Nf1 Nf7 23.
Rad1 Rae8 24.Kh2 Kh8 25.Ba1 Rg8 26.Bb2 Bf6 27.Qc3 Rg7 28.Qc2 h5 29.Nc3 
Reg8 30.Re2 h4 31.Rd3 Qh6 32.Bc1 e4 33.Rd1 hxg3+ 34.Kh1 Rh7 35.Be3 Qg7 36.
Nb5 Bxb5 37.cxb5 Nh6 38.Rb1 Qd7 39.Qa4 a5 40.Rc2 Nf7 41.Nd2 Ra8 42.Nc4 Qc7
43.Bc1 Rg7 44.Bb2 Bxb2 45.Nxb2 Qd8 46.Qb3 axb4 47.axb4 Qe8 48.Bf1 cxb4 49.
Rc6 Nc5 50.Qxb4 e3 51.Re1 Kh7 52.Qd4 g2+ 53.Bxg2 Qg8 54.Re2 Ra1+ 55.Kh2 
Re1 56.Rc2 e2 57.Qf2 Rxg2+ 58.Qxg2 Qxg2+ 59.Kxg2 Rg1+ 60.Kxg1 e1=Q+ 61.Kh2
Qf1 62.Rxb6 Qxf4+ 63.Kg1 Qd4+ 64.Kh2 Qxd5 65.Rg2 Qe5+ 66.Kh1 f4 67.Nc4 
Qe1+ 68.Kh2 f3 0-1

[Event "15th EUR-ch (w)"]
[Site "Plovdiv BUL"]
[Date "2014.07.09"]
[Round "4.50"]
[White "Olea, Liliana"]
[Black "Khalafova, Narmin"]
[Result "0-1"]
[WhiteElo "1951"]
[BlackElo "2191"]
[EventDate "2014.07.06"]
[PlyCount "40"]

1.e4 c5 2.Nc3 d6 3.f4 g6 4.Nf3 Bg7 5.Bb5+ Bd7 6.Bc4 Nc6 7.d3 Na5 8.O-O 
Nxc4 9.dxc4 Bxc3 10.bxc3 Nf6 11.e5 Ne4 12.Re1 Bc6 13.Qd3 dxe5 14.Nxe5 f5 
15.Qh3 O-O 16.Qh6 Rf6 17.Be3 g5 18.Qh5 g4 19.Red1 Qf8 20.Qh4 g3 0-1

[Event "15th EUR-ch (w)"]
[Site "Plovdiv BUL"]
[Date "2014.07.09"]
[Round "4.51"]
[White "Mammadova, Narmin"]
[Black "Ionescu, Irina"]
[Result "1/2-1/2"]
[WhiteElo "2019"]
[BlackElo "2253"]
[EventDate "2014.07.06"]
[PlyCount "80"]

1.Nf3 d5 2.g3 c6 3.Bg2 Bg4 4.O-O Nd7 5.d3 Ngf6 6.Nbd2 e5 7.e4 Bc5 8.Re1 
Qe7 9.b3 O-O 10.Bb2 dxe4 11.dxe4 b5 12.h3 Bh5 13.Nh4 Bg6 14.Nf5 Qe6 15.g4 
h5 16.Qe2 hxg4 17.hxg4 Rfd8 18.Bh3 Nh7 19.g5 Qe8 20.Nf3 Bh5 21.Ng3 Bxf3 
22.Qxf3 Nxg5 23.Qg4 Nxh3+ 24.Qxh3 Nf8 25.Nf5 f6 26.Kh1 Ne6 27.Bc1 Rd7 28.
Rg1 Rad8 29.Nh6+ Kf8 30.Nf5 Bxf2 31.Ba3+ b4 32.Bxb4+ c5 33.Qh8+ Kf7 34.
Nh6+ Ke7 35.Nf5+ Kf7 36.Nh6+ Ke7 37.Nf5+ Kf7 38.Nh6+ Ke7 39.Nf5+ Kf7 40.
Nh6+ Ke7 1/2-1/2

[Event "15th EUR-ch (w)"]
[Site "Plovdiv BUL"]
[Date "2014.07.09"]
[Round "4.52"]
[White "Litvinenko, Ekaterina"]
[Black "Olsarova, Tereza"]
[Result "0-1"]
[WhiteElo "1978"]
[BlackElo "2251"]
[EventDate "2014.07.06"]
[PlyCount "46"]

1.e4 e5 2.Nf3 Nc6 3.Bb5 a6 4.Ba4 Nf6 5.O-O Nxe4 6.d4 b5 7.Bb3 d5 8.dxe5 
Be6 9.c3 Bc5 10.Nbd2 O-O 11.Bc2 f5 12.exf6 Nxf6 13.Nb3 Bb6 14.Nbd4 Nxd4 
15.Nxd4 Bg4 16.Qd3 c5 17.Nf5 Qd7 18.Be3 d4 19.Nxd4 cxd4 20.cxd4 Rad8 21.f3
Be6 22.Rfd1 Rfe8 23.b3 Bf7 0-1

[Event "15th EUR-ch (w)"]
[Site "Plovdiv BUL"]
[Date "2014.07.09"]
[Round "4.53"]
[White "Antova, Gabriela"]
[Black "Havlikova, Kristyna"]
[Result "0-1"]
[WhiteElo "1876"]
[BlackElo "2229"]
[EventDate "2014.07.06"]
[PlyCount "74"]

1.c4 e5 2.Nc3 Nf6 3.d3 Nc6 4.g3 d5 5.cxd5 Nxd5 6.Bg2 Be6 7.Nf3 Be7 8.O-O 
O-O 9.Bd2 Re8 10.Rc1 f6 11.Qa4 Qd7 12.Rfe1 Rad8 13.Ne4 Nb6 14.Qc2 Bd5 15.
Red1 Rc8 16.Bc3 Qe6 17.Ned2 Nb4 18.Bxb4 Bxb4 19.e4 Bc6 20.Nb3 a5 21.Nc5 
Bxc5 22.Qxc5 Qxa2 23.Rd2 Qa4 24.Nh4 Qb4 25.Qc2 Ba4 26.Qc3 Bc6 27.Qc2 g6 
28.Nf3 Rcd8 29.Qd1 Ba4 30.Qe2 c5 31.h4 Bb5 32.h5 Nd7 33.Nh4 Nf8 34.Qe3 g5 
35.Nf5 Ne6 36.Bh3 Nd4 37.f4 Qxd2 0-1

[Event "15th EUR-ch (w)"]
[Site "Plovdiv BUL"]
[Date "2014.07.09"]
[Round "4.54"]
[White "Brezalieva, Steliyana"]
[Black "Yordanova, Svetla"]
[Result "0-1"]
[WhiteElo "1456"]
[BlackElo "2101"]
[EventDate "2014.07.06"]
[PlyCount "58"]

1.d4 e6 2.c4 f5 3.Nf3 Nf6 4.Bg5 Be7 5.e3 O-O 6.Nc3 b6 7.Be2 Bb7 8.O-O d6 
9.Bxf6 Bxf6 10.Qd2 Nd7 11.Rad1 Kh8 12.b4 g5 13.h3 Rg8 14.Nh2 Qe7 15.Bf3 
Bxf3 16.Nxf3 g4 17.hxg4 Rxg4 18.Nh2 Rg6 19.Ne2 Rag8 20.g3 Qf7 21.Kh1 Rh6 
22.Kg2 e5 23.d5 e4 24.Rh1 Ne5 25.Nd4 Nxc4 26.Qc2 Rxg3+ 27.Kf1 Qh5 28.Ke1 
Rxe3+ 29.fxe3 Bh4+ 0-1

[Event "15th EUR-ch (w)"]
[Site "Plovdiv BUL"]
[Date "2014.07.09"]
[Round "4.55"]
[White "Paramzina, Anastasia"]
[Black "Krasteva, Beloslava"]
[Result "1-0"]
[WhiteElo "2117"]
[BlackElo "1361"]
[EventDate "2014.07.06"]
[PlyCount "57"]

1.e4 c5 2.Nf3 d6 3.d4 cxd4 4.Nxd4 Nf6 5.Nc3 a6 6.Be3 e6 7.g4 h6 8.Bg2 Be7 
9.Qe2 Qc7 10.O-O-O Nbd7 11.f4 Nc5 12.h4 h5 13.gxh5 Nxh5 14.Qf2 b5 15.e5 d5
16.Bxd5 exd5 17.Nxd5 Qb7 18.Nxe7 Kxe7 19.f5 Ne4 20.Qf3 Bd7 21.Bg5+ Ke8 22.
Rhe1 Nc5 23.e6 Qxf3 24.exd7+ Kxd7 25.Nxf3+ Kc8 26.Re7 f6 27.Be3 Na4 28.
Rdd7 Ng3 29.Nd4 1-0

[Event "15th EUR-ch (w)"]
[Site "Plovdiv BUL"]
[Date "2014.07.09"]
[Round "4.56"]
[White "Shivacheva, Donika"]
[Black "Bokuchava, Madona"]
[Result "0-1"]
[WhiteElo "1790"]
[BlackElo "2027"]
[EventDate "2014.07.06"]
[PlyCount "60"]

1.e4 g6 2.Nc3 Bg7 3.f4 d6 4.Nf3 a6 5.d4 e6 6.g3 Ne7 7.Bg2 b5 8.a3 Bb7 9.
Be3 Nd7 10.e5 Nb6 11.b3 O-O 12.O-O Nbd5 13.Nxd5 Nxd5 14.Bd2 Rb8 15.g4 f6 
16.exd6 cxd6 17.f5 Qd7 18.Nh4 exf5 19.Nxf5 gxf5 20.gxf5 Ne7 21.Bxb7 Rxb7 
22.Qh5 Rc7 23.c3 Nd5 24.Rf3 Qe8 25.Qh4 Qe2 26.Rf2 Qd3 27.Re1 Re7 28.Qh5 
Rxe1+ 29.Bxe1 Nxc3 30.Rf3 Qd1 0-1

[Event "15th EUR-ch (w)"]
[Site "Plovdiv BUL"]
[Date "2014.07.09"]
[Round "4.57"]
[White "Balimezova, Margarita"]
[Black "Vasova, Maria"]
[Result "1/2-1/2"]
[WhiteElo "1631"]
[BlackElo "1991"]
[EventDate "2014.07.06"]
[PlyCount "137"]

1.d4 Nf6 2.Nf3 g6 3.Nbd2 Bg7 4.e4 d6 5.Bd3 O-O 6.O-O c5 7.c3 cxd4 8.cxd4 
Nc6 9.Re1 Bd7 10.h3 Rc8 11.a3 a6 12.Nf1 b5 13.Qe2 Na5 14.Bf4 Nh5 15.Be3 
Nc4 16.Bxc4 Rxc4 17.Rac1 Rc8 18.e5 dxe5 19.dxe5 Bh8 20.Bh6 Bg7 21.Bxg7 
Nxg7 22.Rxc8 Bxc8 23.Rd1 Qb6 24.Ne3 Be6 25.Nd4 Rc8 26.Nxe6 Qxe6 27.Qg4 
Qxg4 28.Nxg4 Nf5 29.e6 fxe6 30.Re1 Kf7 31.Ne5+ Kg7 32.Nd3 Kf6 33.b4 Rc6 
34.Nc5 Kf7 35.Kf1 Rd6 36.Kg1 h6 37.Kf1 Rc6 38.Kg1 Nd6 39.Re3 Nc4 40.Rf3+ 
Kg7 41.Rd3 Rd6 42.Rf3 e5 43.Kh2 Rf6 44.Kg3 a5 45.Rd3 Rd6 46.Rf3 a4 47.Ne4 
Rd4 48.Nc5 Rd6 49.Ne4 Rd8 50.Nc5 Kg8 51.Ne6 Rc8 52.Nc5 Rc6 53.Rd3 Kf7 54.
Rf3+ Ke8 55.Rc3 Kd8 56.Rd3+ Kc8 57.Rc3 Kc7 58.Rd3 Rd6 59.Rc3 Rd1 60.Nxa4 
Ra1 61.Kf3 Rxa3 62.Rxa3 Nxa3 63.Nb2 Kd6 64.Ke4 Nb1 65.Nd1 Na3 66.Nb2 Nb1 
67.Nd1 Nd2+ 68.Kd3 Nc4 69.Nc3 1/2-1/2

[Event "15th EUR-ch (w)"]
[Site "Plovdiv BUL"]
[Date "2014.07.09"]
[Round "4.58"]
[White "Vasileva, Cveta"]
[Black "Sop, Selen"]
[Result "0-1"]
[WhiteElo "1598"]
[BlackElo "1970"]
[EventDate "2014.07.06"]
[PlyCount "120"]

1.d4 d5 2.Nf3 Nf6 3.c4 c6 4.Nc3 dxc4 5.a4 Bf5 6.Ne5 Nbd7 7.Nxc4 Nb6 8.Ne5 
Nbd5 9.f3 Be6 10.e4 Nxc3 11.bxc3 g6 12.a5 Nd7 13.Nd3 f6 14.Be2 Bg7 15.O-O 
O-O 16.Be3 Bf7 17.Qa4 Qc8 18.f4 Qc7 19.Rab1 b6 20.a6 Rad8 21.Nb4 Nb8 22.f5
b5 23.Qa3 e5 24.fxe6 Bxe6 25.Bf3 Bc4 26.Rfd1 Rfe8 27.Bf2 Bf8 28.Qa1 Bd6 
29.g3 Qc8 30.Rd2 Re7 31.Re1 Rde8 32.Kg2 Kg7 33.Qd1 Nxa6 34.Nxc6 Qxc6 35.e5
Bd5 36.Rd3 Bxf3+ 37.Qxf3 Qxf3+ 38.Kxf3 fxe5 39.dxe5 Bc5 40.Bd4 Rc8 41.Rb1 
Rb7 42.Ke4 Kf7 43.Rf3+ Kg8 44.Rf6 Nb8 45.e6 b4 46.cxb4 Bxd4 47.Kxd4 Rf8 
48.Rf4 Rxf4+ 49.gxf4 Kf8 50.b5 Ke7 51.Ke5 Nc6+ 52.Kd5 Nd8 53.Rb4 Nxe6 54.
h4 Rxb5+ 55.Rxb5 Nc7+ 56.Kc6 Nxb5 57.Kxb5 Kf6 58.Ka6 Kf5 59.Kxa7 Kxf4 60.
Kb6 Kg4 0-1

[Event "15th EUR-ch (w)"]
[Site "Plovdiv BUL"]
[Date "2014.07.10"]
[Round "5.1"]
[White "Dzagnidze, Nana"]
[Black "Mkrtchian, Lilit"]
[Result "1-0"]
[WhiteElo "2541"]
[BlackElo "2446"]
[EventDate "2014.07.06"]
[PlyCount "81"]

1.d4 Nf6 2.c4 e6 3.Nf3 d5 4.Nc3 Be7 5.Bg5 h6 6.Bh4 O-O 7.e3 b6 8.Bd3 Bb7 
9.O-O Nbd7 10.Rc1 c5 11.cxd5 Nxd5 12.Bg3 cxd4 13.Nxd5 Bxd5 14.Bc7 Qe8 15.
Nxd4 Bd8 16.e4 Bb7 17.Bd6 Be7 18.Nb5 Rc8 19.Rxc8 Bxc8 20.e5 Bb7 21.Qe2 Nc5
22.Rc1 Qc6 23.Be4 Qxe4 24.Qxe4 Nxe4 25.Bxe7 Rc8 26.Rxc8+ Bxc8 27.Nxa7 Bd7 
28.f3 Ng5 29.Kf2 Nh7 30.Ke3 Nf8 31.Kd4 Ng6 32.Bd8 Nf4 33.Bxb6 Nxg2 34.Bc5 
Ne1 35.Ke4 Nc2 36.Kd3 Ne1+ 37.Ke2 Ng2 38.b4 Nf4+ 39.Kd2 Ng6 40.Bd6 Nh4 41.
b5 1-0

[Event "15th EUR-ch (w)"]
[Site "Plovdiv BUL"]
[Date "2014.07.10"]
[Round "5.2"]
[White "Zhukova, Natalia"]
[Black "Muzychuk, Maria"]
[Result "1-0"]
[WhiteElo "2451"]
[BlackElo "2521"]
[EventDate "2014.07.06"]
[PlyCount "67"]

1.d4 Nf6 2.c4 c5 3.d5 b5 4.a4 bxc4 5.Nc3 d6 6.e4 g6 7.Bxc4 Bg7 8.h3 O-O 9.
Nf3 Na6 10.O-O Nb4 11.Qe2 Nd7 12.a5 Ne5 13.Nxe5 Bxe5 14.Bh6 Re8 15.f4 Bd4+
16.Kh1 e6 17.dxe6 Bxe6 18.f5 Bxc4 19.Qxc4 g5 20.f6 Bxf6 21.Rf5 Re6 22.Raf1
Qe7 23.R1f3 Bxc3 24.Rxg5+ Rg6 25.Qxc3 Rd8 26.Rxg6+ fxg6 27.Qc4+ d5 28.exd5
Nxd5 29.a6 Qd6 30.Qb5 Rb8 31.Qc4 Re8 32.Rf1 Kh8 33.b4 cxb4 34.Qd4+ 1-0

[Event "15th EUR-ch (w)"]
[Site "Plovdiv BUL"]
[Date "2014.07.10"]
[Round "5.3"]
[White "Foisor, Cristina"]
[Black "Gunina, Valentina"]
[Result "0-1"]
[WhiteElo "2383"]
[BlackElo "2501"]
[EventDate "2014.07.06"]
[PlyCount "98"]

1.d4 d5 2.e3 Bf5 3.c3 c6 4.f4 e6 5.Nf3 Nf6 6.Be2 Be7 7.O-O Nbd7 8.Nbd2 Ng4
9.Nb3 h5 10.Ne5 Ndxe5 11.dxe5 g6 12.Bf3 Qc7 13.Qe2 O-O-O 14.Nd4 f6 15.h3 
fxe5 16.hxg4 hxg4 17.Bxg4 exd4 18.exd4 Bd6 19.Bxf5 exf5 20.Bd2 g5 21.Qe6+ 
Kb8 22.Qxf5 Rdf8 23.Qd3 Bxf4 24.Bxf4 Rxf4 25.Rxf4 Qxf4 26.Rf1 Qh2+ 27.Kf2 
Rh4 28.Ke1 Re4+ 29.Kd1 Qxg2 30.Qf3 Qxb2 31.Qg3+ Kc8 32.Rf8+ Kd7 33.Rf7+ 
Ke6 34.Rf8 Qa1+ 35.Kd2 Qxa2+ 36.Kd1 Qb3+ 37.Kd2 Qb2+ 38.Kd1 Qe2+ 39.Kc1 
Qe1+ 40.Qxe1 Rxe1+ 41.Kd2 Rh1 42.Rg8 Kf5 43.Rg7 Rb1 44.Kc2 Rb5 45.c4 dxc4 
46.Kc3 g4 47.Kxc4 Kf4 48.d5 Rxd5 49.Rxb7 g3 0-1

[Event "15th EUR-ch (w)"]
[Site "Plovdiv BUL"]
[Date "2014.07.10"]
[Round "5.4"]
[White "Pogonina, Natalia"]
[Black "Melia, Salome"]
[Result "1/2-1/2"]
[WhiteElo "2508"]
[BlackElo "2454"]
[EventDate "2014.07.06"]
[PlyCount "81"]

1.d4 Nf6 2.c4 e6 3.Nf3 d5 4.g3 Be7 5.Bg2 O-O 6.O-O dxc4 7.Ne5 Nc6 8.Bxc6 
bxc6 9.Nxc6 Qe8 10.Nxe7+ Qxe7 11.Qc2 e5 12.Rd1 Bb7 13.Qxc4 Qd7 14.d5 Bxd5 
15.Qh4 Qe6 16.Nc3 Bb7 17.Bg5 Nd5 18.Nxd5 Bxd5 19.Rac1 f6 20.Be3 Bxa2 21.
Rxc7 Rf7 22.Rxf7 Qxf7 23.Qb4 Qb3 24.Qd2 a5 25.Rc1 Qd5 26.Qc2 a4 27.Qc7 h5 
28.h4 Bb3 29.Kh2 Qb5 30.Qe7 Re8 31.Qa7 Bc4 32.Rd1 Bd5 33.Qc7 Qc4 34.Qxc4 
Bxc4 35.Rd2 Rb8 36.Kg2 Rb5 37.f3 Rd5 38.Rxd5 Bxd5 39.Kf2 Kf7 40.Bc5 Ke6 
41.e4 1/2-1/2

[Event "15th EUR-ch (w)"]
[Site "Plovdiv BUL"]
[Date "2014.07.10"]
[Round "5.5"]
[White "Girya, Olga"]
[Black "Skripchenko, Almira"]
[Result "1-0"]
[WhiteElo "2493"]
[BlackElo "2449"]
[EventDate "2014.07.06"]
[PlyCount "139"]

1.d4 Nf6 2.c4 e6 3.Nc3 Bb4 4.e3 O-O 5.Ne2 Re8 6.a3 Bf8 7.Ng3 d5 8.Be2 b6 
9.cxd5 exd5 10.b4 c5 11.bxc5 bxc5 12.dxc5 Ba6 13.O-O Bxc5 14.Bb5 Bxb5 15.
Nxb5 Nbd7 16.Bb2 Rb8 17.Bxf6 Nxf6 18.Nd4 Qd7 19.h3 Rec8 20.Qd3 Qa4 21.Rfd1
Bf8 22.Nge2 Rc4 23.Nf4 g6 24.Qe2 Rc3 25.Qf3 Rxa3 26.Rac1 Bg7 27.Nxd5 Nxd5 
28.Qxd5 Bxd4 29.Rxd4 Qa5 30.Qd6 Rf8 31.Rd5 Qa4 32.Qf6 Qe8 33.Rc7 Qe6 34.
Qxe6 Ra1+ 35.Kh2 fxe6 36.Rdd7 Rxf2 37.Rg7+ Kf8 38.Rxh7 Kg8 39.Rcg7+ Kf8 
40.Rb7 Kg8 41.Rhg7+ Kf8 42.Rxg6 Rf7 43.Rb4 Ke7 44.Rc4 Ra5 45.Rc6 Re5 46.
Ra6 Rxe3 47.Rxa7+ Kf8 48.Ra6 Ke7 49.Rg3 Rxg3 50.Kxg3 Kf6 51.Kf4 Rb7 52.Ra4
Rb2 53.g3 Rh2 54.h4 Rh1 55.Kg4 Kg6 56.Re4 Kf6 57.h5 Ra1 58.Rf4+ Kg7 59.Kh4
Re1 60.g4 Re2 61.Ra4 Kf6 62.Rf4+ Kg7 63.Rf1 Re5 64.Ra1 Re4 65.Ra7+ Kf6 66.
h6 Kg6 67.h7 Re1 68.h8=N+ Kf6 69.Rf7+ Ke5 70.Ng6+ 1-0

[Event "15th EUR-ch (w)"]
[Site "Plovdiv BUL"]
[Date "2014.07.10"]
[Round "5.6"]
[White "Bodnaruk, Anastasia"]
[Black "Hoang Thanh Trang"]
[Result "1/2-1/2"]
[WhiteElo "2429"]
[BlackElo "2490"]
[EventDate "2014.07.06"]
[PlyCount "123"]

1.e4 e6 2.d4 d5 3.Nc3 Nf6 4.e5 Nfd7 5.f4 c5 6.Nf3 Nc6 7.Be3 Be7 8.Qd2 O-O 
9.Be2 a6 10.O-O b5 11.a3 Qb6 12.Nd1 a5 13.c3 a4 14.Bd3 Na5 15.Qe1 Nc4 16.
g4 Nxe3 17.Nxe3 cxd4 18.Nxd4 Nc5 19.Bc2 Ne4 20.g5 f6 21.gxf6 gxf6 22.Kh1 
Kh8 23.Qh4 Ra7 24.Qh6 Bc5 25.Bxe4 dxe4 26.exf6 Raf7 27.Rg1 Qc7 28.Rg6 Bd6 
29.Nxb5 Bxf4 30.Nxc7 Bxh6 31.Rxh6 Rxc7 32.Rd1 Rb7 33.Rd2 Bd7 34.Kg1 Be8 
35.h4 Rb5 36.c4 Rb3 37.Re2 Bf7 38.Nd1 Bg6 39.h5 Bf5 40.Ne3 Rg8+ 41.Kf2 
Rgb8 42.Kg3 Rxb2 43.Rxb2 Rxb2 44.Nxf5 exf5 45.f7 Kg7 46.Rf6 Rb3+ 47.Kf4 
Rf3+ 48.Ke5 Kf8 49.c5 e3 50.Kd4 f4 51.Kd3 Rf2 52.c6 Rd2+ 53.Kc3 Rd1 54.Kc2
e2 55.Re6 Rd6 56.c7 Rxe6 57.c8=Q+ Kxf7 58.Qc7+ Ke8 59.Qc8+ Ke7 60.Qc7+ Ke8
61.Qc8+ Ke7 62.Qc7+ 1/2-1/2

[Event "15th EUR-ch (w)"]
[Site "Plovdiv BUL"]
[Date "2014.07.10"]
[Round "5.7"]
[White "Stefanova, Antoaneta"]
[Black "Batsiashvili, Nino"]
[Result "1/2-1/2"]
[WhiteElo "2488"]
[BlackElo "2417"]
[EventDate "2014.07.06"]
[PlyCount "66"]

1.Nf3 d5 2.g3 Nf6 3.Bg2 c5 4.O-O Nc6 5.d4 e6 6.c4 Be7 7.cxd5 exd5 8.dxc5 
Bxc5 9.a3 Ne4 10.b4 Be7 11.Bb2 Bf6 12.Nd4 Qb6 13.e3 Nxd4 14.Bxd4 Bxd4 15.
Qxd4 Qxd4 16.exd4 Be6 17.Rc1 Kd7 18.Nc3 Nxc3 19.Rxc3 Rhc8 20.Rac1 Rxc3 21.
Rxc3 a5 22.b5 Kd6 23.f4 Rc8 24.Rxc8 Bxc8 25.Kf2 Bf5 26.Ke3 Bc2 27.Kd2 Ba4 
28.Bf1 h6 29.Be2 f6 30.Kc3 Kc7 31.Bf1 Kd6 32.Be2 Kc7 33.Bf1 Kd6 1/2-1/2

[Event "15th EUR-ch (w)"]
[Site "Plovdiv BUL"]
[Date "2014.07.10"]
[Round "5.8"]
[White "Zawadzka, Jolanta"]
[Black "Kosintseva, Tatiana"]
[Result "0-1"]
[WhiteElo "2397"]
[BlackElo "2476"]
[EventDate "2014.07.06"]
[PlyCount "104"]

1.e4 c5 2.Nf3 d6 3.d4 cxd4 4.Nxd4 Nf6 5.Nc3 a6 6.Be3 e6 7.f3 b5 8.g4 h6 9.
Qd2 b4 10.Nce2 e5 11.Nb3 Nc6 12.c4 Be6 13.Ng3 g6 14.Rd1 h5 15.g5 Nd7 16.h4
a5 17.Nc1 Nc5 18.b3 Qc8 19.Nd3 Be7 20.Qf2 a4 21.Nxc5 dxc5 22.Bxc5 Bxc5 23.
Qxc5 axb3 24.axb3 Nd4 25.Qxc8+ Bxc8 26.Rd3 Ra3 27.Rh2 Ra1+ 28.Kf2 Rb1 29.
Be2 Nxb3 30.Rh1 Rxh1 31.Nxh1 Nd4 32.Rd1 Be6 33.Rb1 b3 34.Bd3 O-O 35.Ke3 f5
36.gxf6 Rxf6 37.Rf1 Rf4 38.Ng3 Rxh4 39.f4 exf4+ 40.Kxd4 fxg3 41.Ke5 g2 42.
Rg1 Bh3 43.c5 b2 44.c6 Rg4 45.c7 Rg3 46.Kd4 h4 47.e5 Bc8 48.Bc4+ Kg7 49.e6
b1=Q 50.Rxb1 g1=Q+ 51.Rxg1 Rxg1 52.e7 Re1 0-1

[Event "15th EUR-ch (w)"]
[Site "Plovdiv BUL"]
[Date "2014.07.10"]
[Round "5.9"]
[White "Javakhishvili, Lela"]
[Black "Gaponenko, Inna"]
[Result "1-0"]
[WhiteElo "2474"]
[BlackElo "2380"]
[EventDate "2014.07.06"]
[PlyCount "133"]

1.c4 e6 2.Nc3 d5 3.d4 c5 4.cxd5 exd5 5.Nf3 Nc6 6.dxc5 d4 7.Na4 Bxc5 8.Nxc5
Qa5+ 9.Bd2 Qxc5 10.Rc1 Qb6 11.e3 dxe3 12.Bxe3 Qxb2 13.Bc4 Qb4+ 14.Nd2 Nge7
15.Bc5 Qa5 16.O-O O-O 17.Nb3 Qd8 18.Qe2 Be6 19.Bxe6 fxe6 20.Qxe6+ Rf7 21.
Rfd1 Qc8 22.Qe2 Ng6 23.Bd6 Qe8 24.Qc2 Nf4 25.Re1 Qd7 26.Qd2 Qg4 27.f3 Qg5 
28.Kh1 Rd8 29.Re4 Qg6 30.Ba3 h6 31.Qc2 Kh7 32.Rg1 Ne6 33.Qc4 Ng5 34.Ree1 
Qf5 35.Bc1 Qd5 36.Qxd5 Rxd5 37.f4 a5 38.fxg5 a4 39.Nd2 Rxg5 40.Nf3 Rc5 41.
Rgf1 Rd7 42.Re2 b5 43.h3 b4 44.Kh2 a3 45.Bf4 b3 46.axb3 Nb4 47.Re4 Rb5 48.
Bd2 Nc6 49.b4 Rd3 50.Rc1 a2 51.Ra1 Ra3 52.Rc4 Rb6 53.Nd4 Ne5 54.Rc2 Rba6 
55.Nb5 R3a4 56.Nc3 Rxb4 57.Rcxa2 Rxa2 58.Rxa2 Rd4 59.Ne2 Rd7 60.Bc3 Nc4 
61.Bd4 Nd6 62.Ng3 Nf7 63.Ba1 Kg6 64.Ra6+ Rd6 65.Ra4 h5 66.Bxg7 Kxg7 67.
Nf5+ 1-0

[Event "15th EUR-ch (w)"]
[Site "Plovdiv BUL"]
[Date "2014.07.10"]
[Round "5.11"]
[White "Khurtsidze, Nino"]
[Black "Charochkina, Daria"]
[Result "1-0"]
[WhiteElo "2460"]
[BlackElo "2375"]
[EventDate "2014.07.06"]
[PlyCount "97"]

1.d4 d5 2.c4 e6 3.Nf3 Nf6 4.e3 b6 5.Nc3 Bb7 6.Bd3 Bd6 7.O-O O-O 8.b3 dxc4 
9.bxc4 c5 10.Bb2 Nc6 11.Ne4 Nxe4 12.Bxe4 Qe7 13.Rc1 Rad8 14.Qe2 f5 15.Bb1 
e5 16.d5 Nb8 17.e4 f4 18.Bc3 g5 19.h3 Bc8 20.Nh2 Nd7 21.Qh5 Qg7 22.h4 gxh4
23.Bd3 h3 24.Qxh3 Rf6 25.Qh4 Rdf8 26.Ng4 Rg6 27.f3 h5 28.Qxh5 Nf6 29.Bxe5 
Bxg4 30.fxg4 Rxg4 31.Qxg4 Qxg4 32.Bxd6 Nh5 33.Bxf8 Kxf8 34.e5 Ng3 35.Rf3 
Qh4 36.Rc2 Qh1+ 37.Kf2 Qd1 38.Rxf4+ Ke7 39.Rf3 Nh1+ 40.Ke3 Qe1+ 41.Re2 
Qc1+ 42.Ke4 Qc3 43.Kf5 Qd4 44.Re4 Qg1 45.d6+ Kd7 46.e6+ Kxd6 47.e7 Qxg2 
48.Ree3 Nf2 49.Rg3 1-0

[Event "15th EUR-ch (w)"]
[Site "Plovdiv BUL"]
[Date "2014.07.10"]
[Round "5.12"]
[White "Pahtz, Elisabeth"]
[Black "Schleining, Zoya"]
[Result "1-0"]
[WhiteElo "2456"]
[BlackElo "2376"]
[EventDate "2014.07.06"]
[PlyCount "47"]

1.e4 c5 2.Nf3 e6 3.d4 cxd4 4.Nxd4 Nc6 5.Nc3 Qc7 6.Be3 a6 7.Qd2 Nf6 8.O-O-O
Bb4 9.f3 Ne5 10.Nb3 b5 11.Qe1 Be7 12.f4 Ng6 13.e5 Ng4 14.Ne4 Nxe3 15.Qxe3 
O-O 16.h4 Bb7 17.Nd6 Bd5 18.h5 Rfc8 19.Nxc8 Rxc8 20.Bd3 Nh4 21.Qf2 Nxg2 
22.Rh2 Qc6 23.Rg1 Bxb3 24.Qxg2 1-0

[Event "15th EUR-ch (w)"]
[Site "Plovdiv BUL"]
[Date "2014.07.10"]
[Round "5.13"]
[White "Ovod, Evgenia"]
[Black "Danielian, Elina"]
[Result "0-1"]
[WhiteElo "2330"]
[BlackElo "2458"]
[EventDate "2014.07.06"]
[PlyCount "110"]

1.d4 Nf6 2.c4 e6 3.Nc3 Bb4 4.f3 d5 5.a3 Bxc3+ 6.bxc3 c6 7.e4 dxe4 8.fxe4 
e5 9.Nf3 O-O 10.Bd3 Bg4 11.O-O Nbd7 12.Bg5 Re8 13.Qc2 Bxf3 14.Rxf3 h6 15.
Bc1 exd4 16.cxd4 Nc5 17.Bb2 Nxd3 18.Qxd3 Nxe4 19.Raf1 Qb6 20.Bc1 Re7 21.
Kh1 Rd8 22.Be3 c5 23.dxc5 Rxd3 24.cxb6 axb6 25.Bxb6 Rxf3 26.Rxf3 Nd2 27.
Rc3 Re4 28.g3 Nxc4 29.Bc5 b6 30.Bf2 b5 31.Rb3 Re2 32.Kg2 Re5 33.Rc3 Nd6 
34.Be3 g5 35.g4 f6 36.Kf3 Kf7 37.Rc6 Rd5 38.h4 gxh4 39.Bxh6 Nc4 40.Rc7+ 
Kg6 41.Bf8 Ne5+ 42.Ke4 Rd7 43.Rc5 h3 44.Rxb5 h2 45.Rb1 Kg5 46.Rh1 Rd2 47.
Bc5 Kxg4 48.Bg1 Re2+ 49.Kd5 hxg1=Q 50.Rxg1+ Kf4 51.Rf1+ Nf3 52.a4 Ra2 53.
Ke6 f5 54.Rc1 Rxa4 55.Rc5 Ra6+ 0-1

[Event "15th EUR-ch (w)"]
[Site "Plovdiv BUL"]
[Date "2014.07.10"]
[Round "5.14"]
[White "Kashlinskaya, Alina"]
[Black "Videnova, Iva"]
[Result "1-0"]
[WhiteElo "2441"]
[BlackElo "2315"]
[EventDate "2014.07.06"]
[PlyCount "51"]

1.d4 Nf6 2.Nc3 d5 3.Bf4 g6 4.Qd2 Bg7 5.Bh6 O-O 6.Bxg7 Kxg7 7.O-O-O c6 8.h4
Qd6 9.f3 Nh5 10.e4 dxe4 11.g4 Ng3 12.Nxe4 Nxe4 13.fxe4 Bxg4 14.Be2 Bxe2 
15.Nxe2 h5 16.e5 Qd5 17.Kb1 c5 18.Nf4 Qxd4 19.Nxh5+ Kh7 20.Qg5 f6 21.exf6 
exf6 22.Qg2 Nc6 23.Rxd4 cxd4 24.Rg1 Ne5 25.Qxb7+ Kh6 26.Qg7+ 1-0

[Event "15th EUR-ch (w)"]
[Site "Plovdiv BUL"]
[Date "2014.07.10"]
[Round "5.15"]
[White "Yildiz, Betul Cemre"]
[Black "Goriachkina, Alexandra"]
[Result "0-1"]
[WhiteElo "2312"]
[BlackElo "2434"]
[EventDate "2014.07.06"]
[PlyCount "96"]

1.e4 c5 2.c3 Qa5 3.Nf3 d6 4.Be2 Nf6 5.Qc2 Nc6 6.O-O Bg4 7.Na3 e6 8.Nc4 Qd8
9.Ne3 Bh5 10.d4 cxd4 11.cxd4 Bg6 12.Bd3 Be7 13.d5 exd5 14.exd5 Bxd3 15.
Qxd3 Nb8 16.Nf5 O-O 17.Qe3 Re8 18.Qg5 g6 19.Re1 Nbd7 20.Bf4 Bf8 21.Nxd6 
Rxe1+ 22.Rxe1 h6 23.Qh4 Nc5 24.Nxf7 Kxf7 25.Bxh6 Kg8 26.Qg5 Bxh6 27.Qxh6 
Qf8 28.Qxg6+ Qg7 29.Qc2 b6 30.d6 Re8 31.Rd1 Ncd7 32.h4 Qh7 33.Qa4 a5 34.
Ng5 Qh5 35.Qc4+ Kh8 36.f3 Qg6 37.Rc1 Qg8 38.Qd4 Qd5 39.Qf4 Qd3 40.Rc3 Qb1+
41.Kh2 Re1 42.Rc8+ Kg7 43.Qd4 Rh1+ 44.Kg3 Qe1+ 45.Kf4 Qxh4+ 46.g4 Re1 47.
Rc2 Re5 48.Ne4 Nd5+ 0-1

[Event "15th EUR-ch (w)"]
[Site "Plovdiv BUL"]
[Date "2014.07.10"]
[Round "5.16"]
[White "Arabidze, Meri"]
[Black "Belenkaya, Dina"]
[Result "1/2-1/2"]
[WhiteElo "2406"]
[BlackElo "2223"]
[EventDate "2014.07.06"]
[PlyCount "139"]

1.c4 e5 2.Nc3 Nf6 3.Nf3 Nc6 4.a3 Be7 5.e3 O-O 6.b4 d6 7.d3 a6 8.Bb2 Re8 9.
Be2 Bf8 10.O-O d5 11.cxd5 Nxd5 12.Qc2 Nxc3 13.Bxc3 Bf5 14.Rfd1 Qe7 15.Qb2 
Rad8 16.b5 axb5 17.Qxb5 Bc8 18.a4 Qe6 19.a5 Kh8 20.Rdc1 f6 21.Be1 Rd5 22.
Qb2 Rc5 23.Rxc5 Bxc5 24.Qb5 Ba7 25.Nd2 Nb8 26.Rc1 c6 27.Qb2 f5 28.Nc4 f4 
29.Bh5 Rf8 30.exf4 Bd4 31.Qa3 Rxf4 32.Qd6 Na6 33.Qd8+ Qg8 34.Qxg8+ Kxg8 
35.Nd6 Rf8 36.Nxc8 Rxc8 37.Kf1 Kf8 38.Rb1 Rc7 39.Ke2 Ke7 40.Bd2 Kd6 41.Bg4
Rf7 42.f3 Kc7 43.Be6 Rf8 44.h4 Nc5 45.Bc4 Rf6 46.Bg5 Rf8 47.Rf1 Na4 48.Be7
Ra8 49.Bb4 c5 50.Bd2 Nc3+ 51.Bxc3 Bxc3 52.Rc1 Bxa5 53.Ra1 Kc6 54.Be6 b5 
55.Bf5 Kb6 56.Kd1 Rf8 57.Be4 Rd8 58.Kc2 h6 59.h5 c4 60.dxc4 bxc4 61.Rd1 
Rd4 62.g4 Kc5 63.Bg6 Bb4 64.Be4 Ba5 65.Bg6 Kb5 66.Be4 Bb4 67.Bg6 Kc5 68.
Be4 c3 69.Rxd4 Kxd4 70.Bf5 1/2-1/2